LEADER 00862nam0-22002891i-450 001 990001658670403321 005 20190529131313.0 035 $a000165867 035 $aFED01000165867 035 $a(Aleph)000165867FED01 035 $a000165867 100 $a20030910d1952----km-y0itay50------ba 101 0 $aita 200 1 $aConstatazioni e considerazioni sul biferismo del fico$fGiacinto Donno 210 $aPortici$c...$d1952 215 $a12 p.$d20 cm 300 $aEstr. da: Annali Facoltà Agraria Università di Napoli, ser.3,19,1950. 610 0 $aFichi 676 $a634.37 700 1$aDonno,$bGiacinto$037252 801 0$aIT$bUNINA$gRICA$2UNIMARC 901 $aLG 912 $a990001658670403321 952 $a60 OP. 1/19$b34942$fFAGBC 959 $aFAGBC 996 $aConstatazioni e considerazioni sul biferismo del fico$9372877 997 $aUNINA